Religion in the making : (Record no. 31462)
[ view plain ]
| 000 -LEADER | |
|---|---|
| fixed length control field | 01121cam a2200289 a 4500 |
| 001 - CONTROL NUMBER | |
| control field | 31462 |
| 003 - CONTROL NUMBER IDENTIFIER | |
| rucl marc code | BD-RjUL |
| 005 - DATE AND TIME OF LATEST TRANSACTION | |
| control field | 20211209051714.0 |
| 008 - FIXED-LENGTH DATA ELEMENTS--GENERAL INFORMATION | |
| fixed length control field | 140416r19961926nyu b 001 0 eng |
| 035 ## - SYSTEM CONTROL NUMBER | |
| System control number | (BD-RjUL)31550 |
| 040 ## - CATALOGING SOURCE | |
| Original cataloging agency | DLC |
| Transcribing agency | DLC |
| Modifying agency | DLC |
| Language of cataloging | eng |
| 041 ## - LANGUAGE CODE | |
| Language code of text/sound track or separate title | eng |
| 082 00 - DEWEY DECIMAL CLASSIFICATION NUMBER | |
| Classification number | 200 |
| Edition number | 20 |
| Author mark and year | WHR 1960 |
| 100 1# - MAIN ENTRY--PERSONAL NAME | |
| Personal name | Whitehead, Alfred North, |
| Dates associated with a name | 1861-1947. |
| 9 (RLIN) | 3429 |
| 245 10 - TITLE STATEMENT | |
| Title | Religion in the making : |
| Remainder of title | Lowell lectures 1926 / |
| Statement of responsibility, etc. | by Alfred North Whitehead ; introduction by Judith A. Jones ; glossary by Randall E. Auxier. |
| 260 ## - PUBLICATION, DISTRIBUTION, ETC. (IMPRINT) | |
| Place of publication, distribution, etc. | New York : |
| Name of publisher, distributor, etc. | Fordham University Press, |
| Date of publication, distribution, etc. | 1960. |
| 300 ## - PHYSICAL DESCRIPTION | |
| Pagination | lxvi, 154p. ; |
| Size | 20 cm. |
| 500 ## - GENERAL NOTE | |
| General note | Originally published: New York : Macmillan, 1926. |
| 504 ## - BIBLIOGRAPHY, ETC. NOTE | |
| Bibliography, etc | Includes bibliographical references and index. |
| 650 #0 - SUBJECT ADDED ENTRY--TOPICAL TERM | |
| Topical term or geographic name as entry element | Religion. |
| 9 (RLIN) | 95722 |
| Topical term or geographic name as entry element | Religion |
| General subdivision | Philosophy. |
| 9 (RLIN) | 4031 |
| 856 42 - ELECTRONIC LOCATION AND ACCESS | |
| Materials specified | Publisher description |
| Uniform Resource Identifier | <a href="http://www.loc.gov/catdir/enhancements/fy0730/96030783-d.html">http://www.loc.gov/catdir/enhancements/fy0730/96030783-d.html</a> |
| Materials specified | Contributor biographical information |
| Uniform Resource Identifier | <a href="http://www.loc.gov/catdir/enhancements/fy0833/96030783-b.html">http://www.loc.gov/catdir/enhancements/fy0833/96030783-b.html</a> |
| 942 ## - ADDED ENTRY ELEMENTS (KOHA) | |
| Source of classification or shelving scheme | Dewey Decimal Classification |
| Koha item type | Books |
| Lost status | Source of classification or shelving scheme | Damaged status | Not for loan | Collection code | Permanent Location | Current Location | Shelving location | Date acquired | Source of acquisition | Cost, normal purchase price | Total Checkouts | Full call number | Date last seen | Copy number | Koha item type |
|---|---|---|---|---|---|---|---|---|---|---|---|---|---|---|---|
| Dewey Decimal Classification | Not For Loan | Non-fiction | Central Library, University of Rajshahi | Central Library, University of Rajshahi | Reading Room | 13/08/1964 | Zeitlinger | 12.00 | 200 WHR 1960 | 16/04/2014 | C-1 | Books |